[Event "Hoogovens"]
[Site "Wijk aan Zee"]
[Date "1977.01.23"]
[Round "8"]
[White "Bohm, Hans"]
[Black "Timman, Jan H"]
[Result "0-1"]
[WhiteElo "2445"]
[BlackElo "2590"]
[Annotator "Bulletin"]
[PlyCount "78"]
[EventDate "1977.01.14"]
[EventType "tourn"]
[EventRounds "11"]
[EventCountry "NED"]
[EventCategory "11"]
[SourceTitle "MCL"]
[Source "ChessBase"]
[SourceDate "1999.07.01"]
[SourceVersion "1"]
[SourceVersionDate "1999.07.01"]
[SourceQuality "1"]

1. e4 c5 2. f4 g6 3. Nf3 Bg7 4. Nc3 Nc6 5. b3 $6 (5. Bc4 $5) 5... d6 6. Bb2 Nf6
7. Nd5 O-O 8. Nxf6+ exf6 (8... Bxf6 9. Bxf6 exf6 10. Be2 Re8 11. d3 f5 12. exf5
Bxf5 13. O-O) 9. Bd3 d5 (9... Nb4 $1) 10. exd5 Nb4 11. Be2 Bf5 12. c4 $5 (12.
d3) 12... Nc2+ 13. Kf2 Nxa1 14. Qxa1 (14. Bxa1 $6 Qd6 15. g3 Be4 $5 16. Nh4)
14... Qd6 15. g3 Rfe8 $1 16. Nh4 Bd7 17. Bf3 b5 18. d3 $2 (18. Re1 $5) 18... a5
19. Re1 a4 (19... Reb8 $1) 20. Rxe8+ Bxe8 21. Bd1 b4 22. Qc1 $6 (22. Nf3) 22...
axb3 23. Bxb3 Ba4 24. Nf3 Qa6 25. Nd2 f5 26. Bxg7 Kxg7 27. Qb2+ Qf6 $2 (27...
f6 $1) 28. Qxf6+ Kxf6 29. Ke3 $2 (29. d4 $1 Bxb3 30. axb3 cxd4 31. Ke2 Ra1 32.
Kd3 Rc1 $1 33. Kxd4 Rd1 34. Kd3 Rc1 35. Kd4) 29... Re8+ $2 (29... Ke7 $1) 30.
Kf2 Ra8 31. Ke3 $2 (31. d4 $1) 31... Ke7 32. d4 Bxb3 $1 33. Nxb3 Rxa2 34. Nxc5
Rc2 $19 35. d6+ Kxd6 36. Nb7+ Kc7 37. Nc5 (37. Na5 Ra2 $19) 37... Rxc4 38. Kd3
Rc3+ 39. Kd2 Rxc5 0-1

[Event "German Masters (Women) 1st"]
[Site "Dresden"]
[Date "2014.11.19"]
[Round "3"]
[White "Michna, Marta"]
[Black "Paehtz, Elisabeth"]
[Result "1/2-1/2"]
[WhiteElo "2343"]
[BlackElo "2480"]
[Annotator "CB"]
[PlyCount "53"]
[EventDate "2014.11.17"]
[EventType "tourn"]
[EventRounds "9"]
[EventCountry "GER"]
[EventCategory "4"]
[SourceTitle "CBM 163 Extra"]
[Source "ChessBase"]
[SourceDate "2014.12.23"]
[SourceVersion "1"]
[SourceVersionDate "2014.12.23"]
[SourceQuality "1"]

1. e4 c5 2. Nc3 {Der geschlossene Sizilianer also, eine weitere Überraschung
aus Martas Eröffnungslabor.} e6 3. Nge2 a6 4. a4 b6 5. g3 Bb7 6. Bg2 Nc6 7.
O-O Qc7 {zwar gibt es hier noch einige Vorgängerpartien, die Spieler hatten
jedoch nicht die Wertungszahl unserer beiden Spielerinnen.} 8. d4 {Elisabeth
und ich hatten uns über diese Entscheidung, in einen offenen Sizilianer zu
gehen, gewundert. Zumindest die Engine jedoch ist von dieser Idee durchaus
angetan.} cxd4 9. Nxd4 Nf6 10. Bf4 d6 11. Bxd6 $5 {was ein interessantes Opfer!
} Bxd6 (11... Qxd6 12. e5 Qxe5 13. Bxc6+ Bxc6 14. Nxc6 Qc7 15. Qf3 Rc8 16. Nd4
Bc5 17. Rfd1 $11 {wollte Elisabth eigentlich spielen, aber in der
Partievariante hatte sie etwas übersehen.}) 12. Ndb5 axb5 13. Nxb5 O-O (13...
Qd7 14. Nxd6+ Kf8 15. e5 Nd5 16. c4 Ndb4 17. Qd2 Rd8 18. Rfd1 $14 {Solche
Stellungen hatten beide vor Augen und waren sich zu Recht einig, dass diese
Stellung für Schwarz nicht erstrebenswert ist.}) (13... Bxg3 {diesen Zug
schlug Elisabeth heute beim Frühstück vor und tatsächlich scheint diese
eine mögliche Lösung für die schwarzen Probleme zu sein.} 14. Nxc7+ Bxc7 15.
Qe1 $11) 14. Nxc7 Bxc7 15. Re1 Rfd8 16. Qc1 Rd4 17. c3 Rdxa4 18. Rxa4 Rxa4 19.
e5 Nd5 20. c4 {gibt ein Teil des Vorteils wieder weg, trotzdem ist es nicht
einfach für Schwarz sich zu verteidigen.} (20. Bxd5 {die Zuschauer bei schach.
de hatten diesen Zug vorgeschlagen.} exd5 21. e6 fxe6 22. Rxe6 $18) 20... Ndb4
21. Qd1 Ra8 22. Qd7 Rc8 23. f4 Nb8 24. Qe7 {Marta entschied sich die
Zugwiederholung zunehmen.} (24. Qb5 {ist der Weg, weiter auf Gewinn zu spielen.
} N8c6 {ist die zäheste Verteidigung.} 25. Rd1 Ba6 26. Qa4 Bb7 27. Rd7 g6 28.
f5 {und Weiß steht auf Gewinn.}) 24... N8c6 25. Qd7 Nb8 26. Qe7 N8c6 27. Qd7
1/2-1/2

[Event "Gibraltar Masters playoff 10th"]
[Site "Caleta"]
[Date "2012.02.02"]
[Round "1"]
[White "Short, Nigel D"]
[Black "Hou, Yifan"]
[Result "1-0"]
[WhiteElo "2677"]
[BlackElo "2605"]
[Annotator "CB"]
[PlyCount "71"]
[EventDate "2012.01.24"]
[EventType "match"]
[EventRounds "2"]
[EventCountry "GGB"]
[SourceTitle "CBM 146 Extra"]
[Source "ChessBase"]
[SourceDate "2012.02.29"]
[SourceVersion "1"]
[SourceVersionDate "2012.02.29"]
[SourceQuality "1"]

1. e4 c5 2. Nc3 d6 3. f4 g6 4. Nf3 Bg7 5. Bb5+ Nc6 6. Bxc6+ bxc6 7. d3 Nf6 8.
O-O O-O 9. Kh1 Rb8 10. Qe1 Nd7 11. b3 e5 12. f5 gxf5 13. Nh4 f4 14. g3 Bf6 15.
Nf5 Nb6 16. gxf4 Bxf5 17. fxe5 $2 Bxe5 $2 (17... Bh4 {would have given Hou
good winning chances. After} 18. Qe2 Bg6 {she is simply a piece up.}) 18. Rxf5
Kh8 19. Bf4 Nd7 20. Qd2 Qh4 21. Rf1 Rbe8 22. Ne2 Rg8 23. Rxf7 Qh3 24. Ng1 Qg4
25. Nf3 Qh3 26. Qf2 Bxf4 27. Rxf4 Rg6 28. Nh4 Rg5 29. Nf5 Reg8 30. Nxd6 Ne5 31.
Nf7+ Nxf7 32. Rxf7 R5g6 33. Rf8 Qh5 34. Rxg8+ Rxg8 35. Qf6+ Rg7 36. Rg1 1-0

[Event "Tata Steel-B 73rd"]
[Site "Wijk aan Zee"]
[Date "2011.01.21"]
[Round "6"]
[White "McShane, Luke J"]
[Black "Wojtaszek, Radoslaw"]
[Result "1-0"]
[WhiteElo "2664"]
[BlackElo "2726"]
[Annotator "CB"]
[PlyCount "75"]
[EventDate "2011.01.14"]
[EventType "tourn"]
[EventRounds "13"]
[EventCountry "NED"]
[EventCategory "17"]
[SourceTitle "CBM 141"]
[Source "ChessBase"]
[SourceDate "2011.03.17"]
[SourceVersion "1"]
[SourceVersionDate "2011.03.17"]
[SourceQuality "1"]

1. e4 c5 2. Nc3 d6 3. f4 g6 4. Nf3 Bg7 5. Bb5+ Bd7 6. Bc4 Nc6 7. d3 Na5 8. O-O
Nh6 9. Qe1 Nxc4 10. dxc4 f5 11. e5 Be6 12. b3 Nf7 13. exd6 Qxd6 14. Bb2 {
#Black's excessively excentric opening play has landed him into hot water.} O-O
15. Rf2 Rae8 16. Nb5 Qb6 17. Bxg7 Kxg7 18. a4 a5 19. Rd1 Bc8 20. Re2 e6 {#} 21.
Ng5 $1 {This insidious move actually threatens to win the queen. Not via some
double attack, something a little more direct.} Rd8 {The only move.} (21...
Nxg5 $2 22. Rd6 $1 {and the queen is caught.}) (21... h6 $2 22. Nxf7 Kxf7 23.
Rd6 $1 {and caught again!}) 22. Rxd8 Rxd8 23. Nxe6+ Bxe6 24. Rxe6 {#} Rd1 {
As ugly as it may be, losing yet another pawn, this move is forced.} (24... Nd6
$2 {just drops all the pieces after} 25. Nxd6 Rxd6 26. Qe5+ Kh6 27. Rxd6) 25.
Rxg6+ hxg6 26. Qxd1 Qe6 27. Kf2 g5 28. Qd5 Qh6 29. fxg5 Qh4+ 30. Ke2 Qxh2 31.
Qxb7 Kg6 32. Qc6+ Kxg5 33. Qf3 f4 34. Qh3 Qg1 35. Nc3 Nd6 36. Qf3 Qc1 37. Kd3
Qg1 {#} 38. Qxf4+ (38. Qxf4+ Kxf4 39. Ne2+ Ke5 40. Nxg1) 1-0

[Event "Barcelona 20th"]
[Site "Barcelona"]
[Date "2015.11.06"]
[Round "3"]
[White "Narciso Dublan, Marc"]
[Black "Morozevich, Alexander"]
[Result "0-1"]
[WhiteElo "2529"]
[BlackElo "2695"]
[Annotator "CB"]
[PlyCount "110"]
[EventDate "2015.11.04"]
[EventType "tourn"]
[EventRounds "5"]
[EventCountry "ESP"]
[EventCategory "14"]
[SourceTitle "CBM 170"]
[Source "ChessBase"]
[SourceDate "2016.01.15"]
[SourceVersion "1"]
[SourceVersionDate "2016.01.15"]
[SourceQuality "1"]

1. e4 c5 2. Nc3 a6 3. g3 b5 4. Bg2 Bb7 5. Nh3 e6 6. O-O b4 7. Nb1 Nf6 8. d3 Be7
9. Nd2 O-O 10. f4 Nc6 11. Nf2 a5 12. Nf3 a4 13. a3 bxa3 14. bxa3 c4 15. Rb1 Na5
16. Bd2 Ba6 17. Bb4 Rb8 18. d4 c3 19. Re1 Nc4 {Morozevich hat seinen Gegner
aus einer unorthodoxen Eröffnung heraus überspielt. Sein Angriff am
Damenflügel beschert ihm einen Freibauern.} 20. Bxc3 $2 ({Besser war} 20. Bxe7
Qxe7 21. Rxb8 Rxb8 22. Qd3 {aber auch dann steht Schwarz gut.}) 20... Rxb1 21.
Qxb1 Nxa3 22. Qb2 Qc7 23. Rc1 Nb5 24. Bb4 a3 25. Qb3 Bxb4 26. Qxb4 Nc3 {
Der a-Freibauer gibt Weiß eine Gewinnstellung, die er im weiteren Verlauf der
Partie mit taktischen Mitteln in einen Punkt verwandelt.} 27. Ra1 a2 28. Qa3
Bb7 29. Nd2 Ra8 30. Qb2 h5 31. Bf3 h4 32. g4 d5 33. e5 Nfe4 34. Nb3 Qc4 35. Nd3
h3 36. Qc1 Bc6 37. Qe3 Nb1 38. Ne1 Bb5 39. Qd3 Qxd3 40. cxd3 Nec3 41. Kf2 Ra4
42. Kg3 Rb4 43. Nc1 Rb2 44. Kxh3 Nd2 45. Nxa2 Nxa2 46. Bd1 Nc3 47. Rc1 Rb1 48.
Rxc3 Rxd1 49. Nc2 Nf3 50. Kg3 Rxd3 51. Rxd3 Bxd3 52. Nb4 Be4 53. Nc6 Kf8 54. f5
Ke8 55. f6 g5 0-1

[Event "Alushta4"]
[Site "Alushta"]
[Date "1994.??.??"]
[Round "2"]
[White "Moskalenko, Viktor"]
[Black "Sveshnikov, Evgeny"]
[Result "0-1"]
[WhiteElo "2535"]
[BlackElo "2585"]
[Annotator "Chekhov,V"]
[PlyCount "80"]
[EventDate "1994.??.??"]
[EventType "tourn"]
[EventRounds "9"]
[EventCountry "UKR"]
[EventCategory "13"]
[SourceTitle "CBM 042"]
[Source "ChessBase"]
[SourceDate "1994.10.01"]
[SourceVersion "1"]
[SourceVersionDate "1994.10.01"]
[SourceQuality "1"]

1. e4 c5 2. Nc3 e6 3. Nge2 Nf6 4. g3 $6 (4. d4) (4. e5 Nd5 5. Nxd5 exd5 6. d4
Qb6) 4... d5 5. exd5 exd5 6. d4 cxd4 (6... Bg4 $5 7. Bg2 cxd4 8. Qxd4 Nc6 9.
Qd3 Bc5 10. Nxd5 O-O {/\ Re8~/=}) 7. Nxd4 Bb4 8. Bg2 Qe7+ $5 $146 (8... Nc6 9.
O-O O-O 10. Bg5 Bxc3 11. bxc3 h6 12. Bf4 Bg4 $1 13. Qd3 Qd7 14. Rfe1 Rfe8 $10 {
Spassky,B-Garcia Gonzalez,C/Linares/1981/}) 9. Be3 Bxc3+ (9... Ng4 10. Qd2) 10.
bxc3 Bg4 (10... Ng4 $6 11. Qd2 Nxe3 12. fxe3 Be6 13. O-O Nc6 14. Nf5 Bxf5 15.
Rxf5 $36) 11. Qd3 Nbd7 12. O-O O-O (12... Nc5 13. Qb5+ Bd7 14. Qb4 $36) 13.
Rfe1 Rfe8 14. h3 Nc5 (14... Bh5 $5 15. Nf5 Qe6 16. Bd2 Ne4 17. Nd4 Qf6 {/\ Bg6}
) 15. Qf1 Be6 16. Bg5 h6 17. Nxe6 fxe6 (17... Nxe6 18. Bxf6 Qxf6 19. Bxd5 Qxc3
20. Bxb7 Rab8 21. Bd5 Qxc2 22. Bxe6 $14) 18. Bf4 Rad8 (18... Rac8 19. c4) 19.
c4 d4 (19... Qf7 $5 20. cxd5 exd5 21. Rxe8+ Rxe8 $10) 20. Rad1 Rd7 21. Be5 $14
Red8 22. Rd2 Qf7 (22... d3 23. cxd3 Nxd3 24. Bxf6 Qxf6 25. Red1 Qc3 26. Be4 Nc5
27. Rxd7 Rxd7 28. Rxd7 Nxd7 29. Bxb7) 23. Red1 Qg6 24. Rxd4 (24. Qe2 $2 Nfe4
25. Rxd4 Nc3) 24... Qxc2 25. Bxf6 gxf6 26. Rxd7 Rxd7 27. Rxd7 Nxd7 28. Qa1 $6 (
28. Bxb7 $5 Nc5 29. Bf3 Qxa2 30. Bh5 $1 {/\ Qd1-d8 (g4)|^}) 28... Qxc4 (28...
b6 29. Qd4) 29. Bxb7 Kf7 30. h4 f5 $5 31. Bf3 (31. Qh8 $5 Qc1+ 32. Kg2 Nf6 $13)
31... Ke7 $6 (31... a5 $5 32. Bh5+ Ke7 33. Qg7+ Kd6 34. Qxh6 Qxa2 $13) 32. Qb2
$6 (32. Qg7+ Kd6 33. Qxh6 Qxa2 34. Qe3 {/\ h5,h6}) 32... a5 $1 33. Qd2 a4 34.
Be2 Qe4 35. f3 $6 (35. a3 $5) 35... Qb1+ 36. Kf2 a3 37. Bc4 Ne5 38. Bb3 $6 (38.
Qe2 Qb2 39. Bb5) 38... Qb2 $19 39. Qe2 (39. Ke2 Qxd2+ 40. Kxd2 Nxf3+ $19) 39...
Nd3+ 40. Ke3 Qxe2+ (40... Qxe2+ 41. Kxe2 Nc1+ $19) 0-1

[Event "Goetzis-A"]
[Site "Goetzis"]
[Date "1996.??.??"]
[Round "9"]
[White "Donev, Ivo Hristov"]
[Black "Gaertner, Guntram"]
[Result "1/2-1/2"]
[WhiteElo "2400"]
[BlackElo "2380"]
[Annotator "ChessBase"]
[PlyCount "37"]
[EventDate "1996.??.??"]
[EventType "tourn"]
[EventRounds "9"]
[EventCountry "AUT"]
[EventCategory "3"]
[SourceTitle "EXT 1998"]
[Source "ChessBase"]
[SourceDate "1997.11.17"]
[SourceVersion "1"]
[SourceVersionDate "1997.11.17"]
[SourceQuality "1"]

1. e4 c5 2. Nc3 e6 3. g3 d5 4. d3 dxe4 5. dxe4 Qxd1+ 6. Nxd1 Nc6 7. Ne3 b6 8.
Bd2 Bb7 9. O-O-O O-O-O 10. Nh3 Be7 (10... Nb4 11. Ng5) 11. Bg2 h6 12. f4 Nf6
13. Nf2 (13. e5 Nd7 $1 (13... Ne8 14. Nf2 g5 15. f5 $1 Nxe5 16. Bxb7+ Kxb7 17.
Bc3 $1 $16) 14. Nf2 g5 15. Bc3 gxf4 16. gxf4 Rhg8 17. Bf3 Nb4) 13... g5 14. e5
(14. Bc3 gxf4 15. gxf4 Nd4 16. Bxd4 $1 (16. Rhe1 Nh5 17. Nh3 Bh4 $17) 16...
cxd4 17. Nc4 Nh5 18. Nd3 Nxf4 19. Nxf4 Bg5) 14... gxf4 15. gxf4 Nh5 16. Neg4
Nd4 17. Bxb7+ Kxb7 18. Rhe1 Nf3 19. Re4 (19. Re4 Bh4 20. Nd3 Nxd2 21. Rxd2 Ng7
22. Ne3) 1/2-1/2

[Event "Lisbon Masters"]
[Site "Lisbon"]
[Date "1996.??.??"]
[Round "5"]
[White "Fernandes, Antonio ETG"]
[Black "Rocha, Sergio MC"]
[Result "1-0"]
[WhiteElo "2380"]
[BlackElo "2370"]
[Annotator "Costa,L"]
[PlyCount "71"]
[EventDate "1996.??.??"]
[EventType "tourn"]
[EventRounds "9"]
[EventCountry "POR"]
[EventCategory "4"]
[SourceTitle "CBM 051 Extra"]
[Source "ChessBase"]
[SourceDate "1996.05.01"]
[SourceVersion "1"]
[SourceVersionDate "1996.05.01"]
[SourceQuality "1"]

1. e4 c5 2. Nc3 d6 3. f4 g6 4. Nf3 Bg7 5. Bc4 e6 6. d4 Qa5 $146 7. Bd2 (7. O-O
$5) 7... Ne7 8. f5 $5 $40 (8. Nd5 $5) 8... Qb6 9. fxe6 fxe6 10. d5 e5 11. Bb5+
Nd7 12. Ng5 O-O 13. Ne6 {A colocaÇao deste cavalo vai ser vital para a
estratÉgia das brancas.} Rf7 14. a4 a6 15. a5 Qa7 16. Bxd7 Bxd7 17. Na4 Bxa4 (
17... Bxe6 18. dxe6 Rf6 19. Bg5 $16) 18. Rxa4 Re8 19. Ra3 Nc8 {[#]} 20. Rf3 $16
b5 21. O-O Rxf3 22. Qxf3 Qd7 23. h4 b4 24. h5 gxh5 25. Qxh5 {+-} Rxe6 26. dxe6
Qxe6 27. Rf3 Qg6 28. Qh3 Ne7 29. Qd7 Bf8 30. Qd8 Qg7 31. Qxd6 Ng6 32. Qe6+ Kh8
33. Rf7 Qg8 34. Bg5 $1 Bg7 35. Bf6 Nf8 36. Qe7 1-0

[Event "AUT-chT"]
[Site "Austria"]
[Date "1995.??.??"]
[Round "?"]
[White "Donev, Ivo Hristov"]
[Black "Felsberger, Alfred"]
[Result "1-0"]
[WhiteElo "2375"]
[BlackElo "2390"]
[Annotator "Donev,I"]
[PlyCount "105"]
[EventDate "1995.??.??"]
[EventType "team"]
[EventRounds "3"]
[EventCountry "AUT"]
[SourceTitle "CBM 050"]
[Source "ChessBase"]
[SourceDate "1996.02.01"]
[SourceVersion "1"]
[SourceVersionDate "1996.02.01"]
[SourceQuality "1"]

1. e4 {Kortschnoj} c5 2. Nc3 e6 3. g3 d5 4. exd5 exd5 5. Bg2 Nf6 6. d3 d4 7.
Ne4 Nxe4 8. dxe4 Be7 9. Ne2 O-O 10. O-O Nc6 11. Nf4 Re8 12. Nd5 Bd6 13. c4 dxc3
(13... Ne7 14. Bg5 Qd7 15. Bxe7 Bxe7 16. f4 b6 17. Qd3 Bb7 18. Rae1 $14) (13...
Be6 14. f4 f6 15. b3 a5 16. Bd2 $14) 14. bxc3 Rb8 15. Qc2 Be6 16. Rd1 f6 17.
Bf4 (17. Ba3 b6 18. Qd2 $14) 17... Bxf4 18. Nxf4 Qe7 19. Nxe6 (19. e5 $5 Bc4
20. e6 Rbd8 21. Be4 $40) 19... Qxe6 20. Rd5 Qe7 21. Rad1 Rbd8 22. Qb3 Na5 (
22... Kh8 23. f4) 23. Qb5 b6 24. Rd7 a6 25. Qa4 (25. Rxe7 $2 Rxd1+ 26. Bf1 axb5
27. Rxe8+ Kf7 28. Rb8 Nc4 $15) 25... Rxd7 26. Rxd7 (26. Qxd7 Qxd7 27. Rxd7 Nc4
{Der Springer ist frei!}) 26... Qe5 27. Rd5 Qe7 28. f4 Rd8 29. e5 Rxd5 (29...
Kf8 $142 {Kortschnoj}) 30. Bxd5+ {Der Na5 ist isoliert!} Kf8 31. Qe4 $1 $16 g6
32. g4 (32. e6 $1 {Kortschnoj} Qd6 33. f5 g5 (33... Ke7 34. fxg6 hxg6 35. Qxg6
Qxd5 36. Qf7+ $18) (33... gxf5 34. Qxf5 Qe7 (34... Kg7 35. Qh5 $1 $16) 35. Qf4
$1 $16) 34. Qf3 $16) (32. Kf2 $5 fxe5 33. Qxe5 Qxe5 34. fxe5 Ke7 35. Ke3 Kd7
36. Ke4 $14) (32. exf6 Qxf6 (32... Qxe4 33. Bxe4 Kf7 34. Bd5+ Kxf6 35. Kf2 $16)
33. Qe5 Qxe5 34. fxe5 Ke7 35. Kf2 {Führt zur Hauptvariante in der Partie aber
ohne den Zug g3-g4.}) 32... fxe5 33. Qxe5 (33. fxe5) 33... Qxe5 34. fxe5 $14 {
Der Anziehende hat folgende Vorteile: a) Starker Freibauer e5 b) Guten Läufer
gegen schlechten Springer.} Ke7 {Schwarz will mit Hilfe des Königs seinen
armen Springer befreien.} 35. Kf2 Kd7 36. Ke3 Nc6 37. Ke4 Ne7 (37... b5 38. e6+
Kd6 39. Bxc6 Kxc6 40. Ke5 (40. e7 Kd7 41. Kd5 c4 42. a3 Kxe7 43. Kc6 g5 44. Kb6
Kd6 45. Kxa6 Kc6 $10) 40... a5 41. Kf6 b4 42. e7 $18) 38. Bb7 $1 {Es ist
wichtig die schwarzen Bauern am Damenflügel abzuschwächen und mit den 2 weißen
Bauern die drei schwarzen Bauern zu stoppen.} a5 {Zum Glück habe ich mich an
das berühmte Endspiel Fischer - Taimanov 1971 errinert. Das hat mir geholfen
den richtigen Plan zu finden.} 39. a4 $1 {Fixiert den Damenflügel läßt aber
den möglichen Eindringungsweg durch c4-b5 für den K offen. Das Ziel ist
erreicht, Weiß hat praktisch einen Bauer mehr (e5). Außerdem beherrscht der
Anziehende die abgeschwächten weißen Felder am Damenflügel.} Kc7 (39... b5 40.
axb5 a4 41. Kd3 Ke6 42. b6 $1 $18) 40. Bd5 {Weiß droht mit g5 nachher wird
noch eine Schwäche (Bauer h7) fixiert.} g5 {Der weiße Gewinnplan enthält
folgende Abschnitte: 1) Der Läufer muß auf der Diagonale e8-a4 bleiben (am
besten auf b5 wo er nicht angegriffen werden kann). 2) Der Springer darf sich
nicht bewegen (er muß das Eindringungsfeld f5 kontrollieren) weil der weiße
Monarch durch f5 ins gegnerische Lager eindringen kann 3) Der schwarze König
muß das Feld d6 im Auge behalten, weil er nach e5-e6, Kd6 spielen kann. 3) Im
richtigen Augenblick die Reservetempi h3 und c4 benützen um den Nachziehenden
in Zugzwang zu bringen. 4) So wird der Nachziehende vor die unangenehme Wahl
gestellt: a) Entweder mit dem Springer zu ziehen dadurch bricht der weiße
König auf f5 ein b) oder nach einem beliebigen Königszug e5-e6 zuzulassen
dadurch hat er dann das Eindringunsfeld e5.} 41. Bc4 (41. e6 Kd6 42. c4 h6 43.
h3 {Wer ist im Zugzwang?} b5 $3 {Durch diesen Bauerndurchbruch bekommt der
Anziehende Gegenspiel.} 44. axb5 a4 45. Kd3 Nc8 46. Kc3 Nb6 47. Kb2 Ke7 48. Ka3
Kd6 $10 {Die Stellung ist nicht mehr zu gewinnen.}) 41... Kd7 42. Bf7 Kc7 43.
Be8 $1 {Der erste Teil von unserem Plan ist erreicht.} Kd8 44. Bb5 Kc7 45. h3
h6 46. c4 $3 {Erste Zugzwangstellung.} Kd8 47. e6 $1 {Das Ziel ist erreicht,
der schwarze König kann nicht auf d6 kommen.} Nc8 (47... Ng8 48. Kd5 (48. Kf5
Ke7 49. Bc6 Nf6 50. Kg6 Kxe6 51. Kxh6 Kd6 52. Bb7 $16) 48... Ke7 49. Bd7 Nf6+
50. Kc6 Ne4 51. Kxb6) (47... Ng6 48. Kf5 Ne7+ (48... Nf4 49. Kf6 $18) 49. Kf6)
(47... Kc7 48. Ke5 $16) 48. Ke5 (48. Kd5 Ke7 49. Bd7 Nd6 50. Bc6 Nc8 51. Bb5 (
51. Bb5 Nd6 52. Bd7 $16)) 48... Ke7 49. Bd7 Nd6 50. Kd5 $1 {Mittels
Dreieckmanöver (Ke4-Ke5-Kd5) hat Weiß die zweite Zugzwangstellung erreicht.}
Nb7 51. Kc6 Nd6 52. Kxb6 Nxc4+ 53. Kxc5 1-0

[Event "BIH-chT"]
[Site "Neum"]
[Date "2002.06.03"]
[Round "2.3"]
[White "Rogulj, Branko"]
[Black "Bogut, Zeljko"]
[Result "1-0"]
[WhiteElo "2454"]
[BlackElo "2403"]
[Annotator "Donev,I"]
[PlyCount "55"]
[EventDate "2002.06.02"]
[EventType "team"]
[EventRounds "9"]
[EventCountry "BIH"]
[SourceTitle "CBM 090"]
[Source "ChessBase"]
[SourceDate "2002.09.20"]
[SourceVersion "1"]
[SourceVersionDate "2002.09.20"]
[SourceQuality "1"]
[WhiteTeam "Mostar Zrinjski"]
[BlackTeam "Brijeg"]
[WhiteTeamCountry "BIH"]
[BlackTeamCountry "BIH"]

1. e4 c5 2. Nc3 Nc6 3. g3 e6 4. Bg2 Nf6 5. Nge2 d5 6. exd5 exd5 7. d3 d4 8. Ne4
Nxe4 9. dxe4 Be7 10. O-O O-O 11. Nf4 Bg5 $6 $146 {Für mich eine fragwürdige
Neuerung. Ich verstehe nicht, warum Schwarz ein zweites Mal mit seinem Läufer
zieht und nicht seine Figurentwicklung beendet?} ({Hier führe ich zwei Partien
an, die für diese Variante interessant sein können:} 11... Bd6 12. Re1 Re8 13.
c3 Bxf4 14. Bxf4 Be6 15. Qh5 b6 16. e5 Bd5 17. Bg5 Qd7 18. Bf6 Ne7 19. Bxe7
Bxg2 20. Bf6 Bh3 21. Bxg7 Kxg7 22. Qg5+ {1/2-1/2 Larsen,B-Spassky,B/Moscow
1959/MCL (22)}) (11... Re8 $145 12. Nd5 Bd6 13. c4 dxc3 14. bxc3 Rb8 15. Qc2
Be6 16. Rd1 f6 17. Bf4 Bxf4 18. Nxf4 Qe7 19. Nxe6 Qxe6 20. Rd5 Qe7 21. Rad1
Rbd8 22. Qb3 Na5 23. Qb5 b6 24. Rd7 a6 25. Qa4 Rxd7 26. Rxd7 Qe5 27. Rd5 Qe7
28. f4 Rd8 29. e5 Rxd5 30. Bxd5+ Kf8 31. Qe4 g6 32. g4 fxe5 33. Qxe5 Qxe5 34.
fxe5 Ke7 35. Kf2 Kd7 36. Ke3 Nc6 37. Ke4 Ne7 38. Bb7 a5 39. a4 Kc7 40. Bd5 g5
41. Bc4 Kd7 42. Bf7 Kc7 43. Be8 Kd8 44. Bb5 Kc7 45. h3 h6 46. c4 Kd8 47. e6 Nc8
48. Ke5 Ke7 49. Bd7 Nd6 50. Kd5 Nb7 51. Kc6 Nd6 52. Kxb6 Nxc4+ 53. Kxc5 {
1-0 Donev,I-Felsberger,A/AUT-chT Austria1995 (53)}) 12. Qh5 Re8 13. Nd5 Bxc1
14. Raxc1 Re5 (14... Ne5 $5 {[%cal Yc8g4]} 15. h3 $11) 15. Qd1 f5 16. f3 (16.
f4 {[%tqu "De","Wie soll Schwarz fortzetzen?","","","e5e4","",10]} Rxe4 $1 17.
Bxe4 fxe4 {[%cal Yd8d5]} 18. c4 Be6 {Mit mehr als genug Kompensation für die
geopferte Qualität.}) 16... fxe4 17. fxe4 Be6 18. c3 dxc3 19. bxc3 Ne7 20. Rc2
Ng6 21. Rcf2 Qd7 22. Qf3 h5 $2 {[%mdl 16384] Nach diesem Fehler bekommt der
Anziehende großen Vorteil. Der Turm auf e5 steht ungemütlich und mit seinem
nächsten Springermanöver gerät der schlechte Blocker in Gefahr.} ({Natürlich
und viel besser wäre:} 22... Rd8 23. Nf4 Bc4 24. Nxg6 hxg6 25. Rb1 b5 $11) 23.
Nf4 $16 Rf8 {Vorläufige Fesselung, die zum Ziel hat, den Zug 24.Nd3 vermeiden.}
24. Qe3 Rf6 25. Nd3 $16 {Jetzt ist der schlecht stehende Turm (das
Blockade-Feld e5 ist besser für der Ng6 geeignet) im Zentrum gefangen...} Rxf2
26. Rxf2 Qd6 27. Rd2 $1 b6 $2 {Nach diesem schweren Fehler verliert der
Nachziehende eine ganze Figur. Er sollte mit der Dame von der d-Linie abziehen,
trotzdem wäre die Partie auf verlorenen Posten.} (27... Qe7 $142 28. Nxe5 Nxe5
$16) 28. Nf4 {[%cal Yd2d6,Yf4g6]} 1-0